Car models starting with F by pictures - Statistics

General Stats
  • This quiz has been taken 81 times
  • The average score is 6 of 10
Answer Stats
Picture Hint Answer % Correct
Ford Focus
91%
Skoda Fabia
76%
Smart Fortwo
75%
Jaguar F-type
74%
Ferrari F40
72%
Toyota FJ Cruiser
54%
Volkswagen Fox
53%
Honda FR-V
32%
Toyota Fortuner
31%
Fiat Fiorino
25%
No matching quizzes found
Score Distribution
Percent of People with Each Score
Percentile by Number Answered
Your Score History
You have not taken this quiz